ბათუმის შოთა რუსთაველის სახელმწიფო უნივერსიტეტის ბიბლიოთეკა

Промышленное производство молока (ბიბ.ჩანაწერი № 45680)

000 -LEADER
fixed length control field 00692nam a2200229Ia 4500
001 - CONTROL NUMBER
control field 12506
003 - CONTROL NUMBER IDENTIFIER
control field GE_BSU
008 - FIXED-LENGTH DATA ELEMENTS--GENERAL INFORMATION
fixed length control field 181216s||||||||xx |||||||||||||| ||und||
040 ## - CATALOGING SOURCE
Transcribing agency GE_BSU
080 ## - UNIVERSAL DECIMAL CLASSIFICATION NUMBER
Universal Decimal Classification number 637.11
100 ## - MAIN ENTRY--PERSONAL NAME
Personal name Эрнст,Л.К. Крамаренко,Н.М. Трунов,Н.И....
245 ## - TITLE STATEMENT
Title Промышленное производство молока
245 ## - TITLE STATEMENT
Remainder of title Опыт и проблемы
245 ## - TITLE STATEMENT
Statement of responsibility, etc. Ред.М.Ф.Андреева
260 ## - PUBLICATION, DISTRIBUTION, ETC.
Place of publication, distribution, etc. Ленинград
260 ## - PUBLICATION, DISTRIBUTION, ETC.
Name of publisher, distributor, etc. Колос
260 ## - PUBLICATION, DISTRIBUTION, ETC.
Date of publication, distribution, etc. 1978
300 ## - PHYSICAL DESCRIPTION
Extent 294стр.21см.
300 ## - PHYSICAL DESCRIPTION
Accompanying material Таблицы
653 ## - INDEX TERM--UNCONTROLLED
Uncontrolled term Промышленное производство молока
942 ## - ADDED ENTRY ELEMENTS (KOHA)
Koha item type წიგნი
ეგზემპლარები
Withdrawn status Lost status Damaged status Not for loan Date acquired Barcode Date last seen Price effective from Koha item type
        2018-12-17 20522 2018-12-17 2018-12-17 წიგნი